Derecho penal del medio ambiente /

Guardado en:
Autor Principal: Terradillos Basoco, Juan.
Formato: Libro
Idioma:Spanish
Publicado: Madrid : Editorial Trotta, 1997.
Edición:1a. ed.
Materias:
Etiquetas: Agregar Etiqueta
Sin Etiquetas, Sea el primero en etiquetar este registro!
LEADER 00518nam a22001695a 4500
001 DER.der014596
008 200228s1997####sp############000#0#spa#d
005 20251218190625.0
245 1 0 |a Derecho penal del medio ambiente /  |c Edición de Juan Terradillos Basoco. 
250 |a 1a. ed. 
260 |a Madrid :  |b Editorial Trotta,  |c 1997. 
300 |a 142 p. 
020 |a 8481641359 
100 1 |a Terradillos Basoco, Juan. 
650 7 |a DERECHO AMBIENTAL 
650 7 |a Derecho comparado 
859 |a DERECHO  |b BIB. DERECHO  |h 346.044  |i TER  |p 009894